Estudio de seguimiento antropométrico de recién nacidos pretérmino durante el primer año de vida. Importancia de las curvas de crecimiento específicas. (Registro nro. 224)
[ vista simple ]
| 000 -LEADER | |
|---|---|
| fixed length control field | 01156 am a2200253 a 4500 |
| 005 - FECHA ULTIMA MODIFICACION | |
| control field | 20240624110759.0 |
| 008 - CAMPO DE CONTROL (LIBRO) | |
| fixed length control field | 100405s2000||||ag d f |||| 000 0 spa d |
| 020 ## - INTERNATIONAL STANDARD BOOK NUMBER | |
| ISBN | 9879907388 |
| 041 ## - CODIGO DE IDIOMA | |
| Código de idioma del texto/pista de sonido o título separado | spa |
| 092 ## - SIGNATURA TOPOGRAFICA DEWEY LOCAL | |
| número de clasificación | 618.92 |
| libristica | 72 |
| sección | RAM |
| 100 1# - ENTRADA PRINCIPAL--NOMBRE PERSONAL | |
| Nombre personal | Ramírez Calovi, Edgardo. |
| 9 (RLIN) | 317 |
| 245 ## - TITULO PROPIAMENTE DICHO | |
| Título | Estudio de seguimiento antropométrico de recién nacidos pretérmino durante el primer año de vida. Importancia de las curvas de crecimiento específicas. |
| Subtítulo y Título paralelo | T.1 Peso, talla y perímetro cefálico, según la edad gestacional y sexo / |
| Mención de responsabilidad y remanente de la transcripción de la portada | Edgardo Ramírez Calovi. |
| 250 ## - MENCION DE EDICION | |
| Mención de edición | 1a ed. |
| 260 ## - PIE DE IMPRENTA | |
| Lugar de publicación, distribución, etc | Córdoba [Argentina]: |
| Nombre de la editorial, distribuidor, etc | Roemmers; |
| Fecha de publicación | 2000. |
| 300 ## - DESCRIPCION FISICA | |
| Extension | 76 p. |
| 500 ## - NOTA GENERAL | |
| Nota general | Ramírez Calovi, E. (2000). Estudio de seguimiento antropométrico de recién nacidos pretérmino durante el primer año de vida. Importancia de las curvas de crecimiento específicas. T.1 Peso, talla y perímetro cefálico, según la edad gestacional y sexo. (1a ed.). Córdoba : Roemmers. |
| 653 ## - TÉRMINO INDIZADO - PALABRAS CLAVES | |
| Palabra clave | Pediatría |
| 653 ## - TÉRMINO INDIZADO - PALABRAS CLAVES | |
| Palabra clave | Crecimiento |
| 653 ## - TÉRMINO INDIZADO - PALABRAS CLAVES | |
| Palabra clave | Peso, talla y perimetro cefálico |
| 653 ## - TÉRMINO INDIZADO - PALABRAS CLAVES | |
| Palabra clave | Edad gestacional y sexo |
| 930 ## - NUMERO DE INVENTARIO | |
| Número de inventario | 1344 |
| 930 ## - NUMERO DE INVENTARIO | |
| Número de inventario | 1863 |
| 942 ## - ADDED ENTRY ELEMENTS (KOHA) | |
| Source of classification or shelving scheme | Dewey Decimal Classification |
| Item type | Libros |
| Estado de retiro | Existencia | Estado general | No para prestamo | Ubicación permanente | ubicación actual | Sala de ubicación | Fecha de adquisición | Total Checkouts | Número de clasificación | Código de barras | Date last seen | Número de ejemplar | Price effective from | Koha tipo de elemento (item) | Fuente de clasificación | Fuente de adquisición | Public note |
|---|---|---|---|---|---|---|---|---|---|---|---|---|---|---|---|---|---|
| Biblioteca Medicina | Biblioteca Medicina | Circulación | 13/05/2011 | 618.92 72 RAM | 1344 | 06/11/2014 | ej.1 | 13/05/2011 | Libros | ||||||||
| Biblioteca Medicina | Biblioteca Medicina | Circulación | 13/05/2011 | 618.92 72 RAM | 1863 | 06/11/2014 | ej.2 | 13/05/2011 | Libros | ||||||||
| Biblioteca Medicina | Biblioteca Medicina | Circulación | 12/03/2019 | 618.92 72 RAM | 4413 | 12/03/2019 | Ej.3 | 12/03/2019 | Libros | Dewey Decimal Classification | Donación Franco Rueda, marzo 2019 | Donación Franco Rueda, marzo 2019 |